000 006780000a22001930004500
041 0 _aSPA
082 0 4 _aG 230 P3598t
100 1 _aPearlman, Myer (1898-1943)
245 1 0 _aTeología bíblica y sistemática / Myer Pearlman
260 _aSpringfield, MIssouri, USA : Vida
300 _aXIV, 472 Pag
505 0 0 _a- Las escrituras - Dios - Los angeles - El hombre - El pecado - El Señor Jesucrito -La expiación - Salvación - La sanidad divina - La iglesia - Los acontecimientos finales
650 1 4 _aTEOLOGIA DOGMATICA
001 3220
942 _cBK
999 _c33908
_d33908
336 _atexto
_btxt
_2rdacontent
337 _2rdamedia
_asin mediación
_bn
338 _2rdacarrier
_avolumen
_bnc